[Event "DVM U10 2018"]
[Site "Magdeburg GER"]
[Date "2018.12.27"]
[Round "1"]
[White "Rühmer, Nico"]
[Black "Elgeti, Jonas"]
[Result "1/2-1/2"]
[Termination "normal"]
[Board "1.3"]
[WhiteElo "1027"]
[BlackElo "1234"]
[WhiteClock "00:34:30"]
[BlackClock "00:12:28"]
[WhiteTeam "SK König Plauen"]
[BlackTeam "Schachzentrum Bemerode"]
[PlyCount "67"]
[WhiteFideId "34640339"]
[EventCountry "GER"]
[EventRounds "7"]
[EventType "team-swiss"]
[EventDate "2018.12.27"]

1. e4 {[%clk 0:59:55]} e5 {[%clk 0:59:50]} 2. Nf3 {[%clk 0:59:47]} Nc6 {[%clk
0:59:36]} 3. Bc4 Bc5 4. c3 {[%clk 0:59:14]} Nf6 {[%clk 0:59:10]} 5. d4 {[%clk
0:58:58]} exd4 {[%clk 0:58:56]} 6. cxd4 {[%clk 0:58:46]} Bb4+ {[%clk 0:58:20]}
7. Nc3 {[%clk 0:56:44]} Nxe4 8. O-O Nxc3 9. bxc3 {[%clk 0:56:44]} Bxc3 {[%clk
0:58:09]} 10. Qb3 {[%clk 0:56:35]} O-O {[%clk 0:56:40]} 11. Qxc3 {[%clk
0:56:21]} d5 {[%clk 0:56:23]} 12. Bb2 {[%clk 0:55:37]} dxc4 {[%clk 0:56:00]}
13. d5 {[%clk 0:55:20]} f6 {[%clk 0:51:07]} 14. dxc6 {[%clk 0:54:53]} bxc6
{[%clk 0:47:41]} 15. Qxc4+ {[%clk 0:54:11]} Qd5 {[%clk 0:46:44]} 16. Qxd5+
{[%clk 0:53:45]} cxd5 {[%clk 0:46:36]} 17. Rac1 Rf7 18. Rc2 {[%clk 0:51:11]}
Bf5 {[%clk 0:43:55]} 19. Rc5 {[%clk 0:49:18]} Rd7 {[%clk 0:43:02]} 20. Rfc1
{[%clk 0:47:53]} Rb8 {[%clk 0:41:54]} 21. Bd4 {[%clk 0:45:43]} Rb4 {[%clk
0:40:16]} 22. h3 {[%clk 0:44:54]} Rb7 {[%clk 0:38:29]} 23. Bc3 {[%clk 0:43:52]}
Kf7 {[%clk 0:30:10]} 24. Ba5 {[%clk 0:43:12]} Rb2 {[%clk 0:27:57]} 25. Rxc7
{[%clk 0:42:34]} Rxa2 {[%clk 0:27:37]} 26. Rxd7+ {[%clk 0:42:12]} Bxd7 {[%clk
0:27:26]} 27. Rc7 {[%clk 0:40:46]} Rxa5 {[%clk 0:25:39]} 28. Rxd7+ Kg8 29. g4
{[%clk 0:38:12]} g5 {[%clk 0:24:03]} 30. Nd4 {[%clk 0:37:37]} Ra3 {[%clk
0:16:49]} 31. Kg2 {[%clk 0:36:38]} a5 {[%clk 0:14:25]} 32. Rxd5 {[%clk
0:36:23]} Rd3 {[%clk 0:13:21]} 33. Kf1 {[%clk 0:34:30]} a4 {[%clk 0:12:28]} 34.
Ke2 1/2-1/2

[Event "DVM U10 2018"]
[Site "Magdeburg GER"]
[Date "2018.12.27"]
[Round "1"]
[White "Schmidt, Paul"]
[Black "Beck, Raphael"]
[Result "1-0"]
[Termination "normal"]
[Board "1.4"]
[WhiteElo "1100"]
[BlackElo "959"]
[WhiteClock "00:17:26"]
[BlackClock "00:19:39"]
[WhiteTeam "Schachzentrum Bemerode"]
[BlackTeam "SK König Plauen"]
[PlyCount "91"]
[BlackFideId "16281993"]
[EventCountry "GER"]
[EventRounds "7"]
[EventType "team-swiss"]
[EventDate "2018.12.27"]

1. d4 {[%clk 0:59:57]} f5 {[%clk 0:59:40]} 2. Bf4 {[%clk 0:59:38]} Nf6 {[%clk
0:59:11]} 3. Nf3 {[%clk 0:59:19]} Nc6 {[%clk 0:58:54]} 4. e3 {[%clk 0:58:49]}
d6 {[%clk 0:58:16]} 5. c4 {[%clk 0:57:14]} e6 {[%clk 0:56:56]} 6. Nc3 {[%clk
0:56:42]} Be7 {[%clk 0:56:33]} 7. Be2 {[%clk 0:55:54]} O-O {[%clk 0:56:14]} 8.
O-O {[%clk 0:55:47]} b6 {[%clk 0:54:01]} 9. d5 {[%clk 0:54:53]} exd5 {[%clk
0:53:18]} 10. cxd5 {[%clk 0:54:21]} Nb4 {[%clk 0:52:23]} 11. Qb3 {[%clk
0:53:37]} a5 {[%clk 0:51:53]} 12. Bc4 {[%clk 0:51:48]} Bb7 {[%clk 0:50:41]} 13.
Rad1 {[%clk 0:47:10]} Qc8 {[%clk 0:48:43]} 14. a3 {[%clk 0:42:12]} Na6 {[%clk
0:47:34]} 15. Qa2 {[%clk 0:39:56]} c5 16. dxc6+ Kh8 17. cxb7 Qxb7 18. Bd5
{[%clk 0:36:34]} Nxd5 19. Qxd5 Qxd5 20. Nxd5 Bd8 {[%clk 0:42:52]} 21. Bg5
{[%clk 0:35:28]} Bxg5 {[%clk 0:42:17]} 22. Nxg5 {[%clk 0:35:25]} Rab8 {[%clk
0:41:44]} 23. Rc1 {[%clk 0:34:29]} Rb7 {[%clk 0:41:00]} 24. Rc6 {[%clk
0:33:39]} Rfb8 {[%clk 0:40:15]} 25. Rfc1 {[%clk 0:33:15]} g6 {[%clk 0:38:52]}
26. Rc8+ {[%clk 0:32:38]} Rxc8 {[%clk 0:38:16]} 27. Rxc8+ {[%clk 0:32:28]} Kg7
{[%clk 0:37:55]} 28. Ne6+ {[%clk 0:31:13]} Kh6 {[%clk 0:36:56]} 29. Nd8 {[%clk
0:28:44]} Rd7 30. Nxb6 Re7 {[%clk 0:33:48]} 31. h3 {[%clk 0:27:40]} Re5 32.
Nf7+ Kg7 {[%clk 0:31:02]} 33. Nxe5 {[%clk 0:27:23]} dxe5 {[%clk 0:30:31]} 34.
Nd5 {[%clk 0:26:41]} Kh6 35. Ra8 Nc5 {[%clk 0:28:26]} 36. Rxa5 {[%clk 0:26:25]}
Nb7 37. Ra7 {[%clk 0:22:46]} Nc5 {[%clk 0:27:25]} 38. b4 {[%clk 0:22:38]} Ne6
{[%clk 0:26:01]} 39. Re7 {[%clk 0:22:15]} Nd8 {[%clk 0:25:40]} 40. b5 {[%clk
0:21:42]} e4 {[%clk 0:23:51]} 41. Nb4 {[%clk 0:20:25]} Kg5 {[%clk 0:23:16]} 42.
Nd5 {[%clk 0:19:51]} h5 {[%clk 0:22:19]} 43. b6 {[%clk 0:19:12]} Ne6 {[%clk
0:20:13]} 44. b7 {[%clk 0:18:12]} Kh4 45. b8=Q {[%clk 0:17:26]} Ng5 {[%clk
0:19:39]} 46. Qg3# 1-0

[Event "DVM U10 2018"]
[Site "Magdeburg GER"]
[Date "2018.12.27"]
[Round "1"]
[White "Krüger, Arthur"]
[Black "Ottlik, Marie"]
[Result "0-1"]
[Termination "normal"]
[Board "2.1"]
[WhiteElo "1601"]
[BlackElo "1227"]
[WhiteClock "00:24:30"]
[BlackClock "00:26:38"]
[WhiteTeam "Hamburger SK"]
[BlackTeam "TSV Kitzscher"]
[PlyCount "107"]
[WhiteFideId "16244966"]
[BlackFideId "16281730"]
[EventCountry "GER"]
[EventRounds "7"]
[EventType "team-swiss"]
[EventDate "2018.12.27"]

1. e4 {[%clk 0:59:58]} e5 {[%clk 0:59:56]} 2. f4 {[%clk 0:59:53]} exf4 {[%clk
0:59:51]} 3. Nf3 {[%clk 0:59:47]} Nc6 {[%clk 0:59:38]} 4. d4 {[%clk 0:59:38]}
Nf6 {[%clk 0:58:19]} 5. e5 {[%clk 0:59:29]} Nd5 {[%clk 0:57:53]} 6. Bc4 {[%clk
0:59:11]} Nb6 {[%clk 0:57:41]} 7. Bb3 {[%clk 0:58:43]} d6 {[%clk 0:55:34]} 8.
O-O {[%clk 0:58:11]} dxe5 9. dxe5 Bc5+ {[%clk 0:54:27]} 10. Kh1 {[%clk
0:57:48]} Qxd1 {[%clk 0:53:53]} 11. Rxd1 {[%clk 0:57:36]} O-O {[%clk 0:53:42]}
12. Bxf4 {[%clk 0:57:20]} Bg4 {[%clk 0:52:51]} 13. Rf1 {[%clk 0:56:42]} Rad8
{[%clk 0:52:10]} 14. Nc3 {[%clk 0:55:57]} Na5 {[%clk 0:50:39]} 15. Ng5 {[%clk
0:53:48]} Rd7 {[%clk 0:49:25]} 16. e6 {[%clk 0:52:44]} Nxb3 {[%clk 0:48:56]}
17. axb3 {[%clk 0:52:18]} Bxe6 {[%clk 0:48:43]} 18. Nxe6 {[%clk 0:51:45]} fxe6
{[%clk 0:48:28]} 19. Rxa7 {[%clk 0:51:30]} g5 {[%clk 0:48:20]} 20. Rxb7 {[%clk
0:49:53]} gxf4 {[%clk 0:48:12]} 21. Ne4 {[%clk 0:49:05]} Bd4 {[%clk 0:47:45]}
22. c3 {[%clk 0:48:50]} Be3 {[%clk 0:46:51]} 23. Ng5 {[%clk 0:47:46]} Re7
{[%clk 0:44:51]} 24. b4 {[%clk 0:42:37]} Rf5 {[%clk 0:44:33]} 25. Rb8+ {[%clk
0:42:05]} Kg7 {[%clk 0:44:18]} 26. Nh3 {[%clk 0:41:21]} Nd5 {[%clk 0:43:09]}
27. c4 {[%clk 0:40:09]} Nf6 {[%clk 0:43:03]} 28. b5 {[%clk 0:37:46]} Bb6 {[%clk
0:40:36]} 29. b4 {[%clk 0:36:44]} c5 {[%clk 0:40:17]} 30. Rxb6 {[%clk 0:36:12]}
cxb4 {[%clk 0:40:06]} 31. Ra6 {[%clk 0:35:42]} Rc7 {[%clk 0:37:29]} 32. b6
{[%clk 0:34:42]} Rb7 {[%clk 0:37:15]} 33. Rb1 {[%clk 0:34:03]} Ng4 {[%clk
0:36:16]} 34. Rxb4 {[%clk 0:33:08]} Re5 {[%clk 0:36:06]} 35. Rb1 {[%clk
0:32:29]} Re4 {[%clk 0:35:50]} 36. Ra7 {[%clk 0:31:33]} Rxa7 {[%clk 0:35:08]}
37. bxa7 {[%clk 0:31:16]} Rxc4 {[%clk 0:33:45]} 38. a8=Q {[%clk 0:31:06]} Kf6
{[%clk 0:33:24]} 39. Qf8+ {[%clk 0:30:53]} Ke5 {[%clk 0:33:14]} 40. Qg7+ {[%clk
0:30:32]} Nf6 {[%clk 0:32:31]} 41. Qg5+ {[%clk 0:30:08]} Ke4 {[%clk 0:32:05]}
42. Re1+ {[%clk 0:29:26]} Kd3 {[%clk 0:31:50]} 43. Nf2+ {[%clk 0:28:52]} Kd2
{[%clk 0:31:17]} 44. Qa5+ {[%clk 0:28:41]} Kc2 {[%clk 0:30:43]} 45. Re2+ {[%clk
0:28:18]} Kb3 {[%clk 0:29:58]} 46. Qa2+ {[%clk 0:27:31]} Kb4 {[%clk 0:29:45]}
47. Rb2+ {[%clk 0:27:07]} Kc5 {[%clk 0:29:19]} 48. Qa5+ {[%clk 0:26:41]} Kc6
{[%clk 0:28:35]} 49. Rb6+ {[%clk 0:26:07]} Kd7 {[%clk 0:28:09]} 50. Qb5+ {[%clk
0:25:45]} Ke7 {[%clk 0:27:57]} 51. Qxc4 {[%clk 0:25:21]} Nd5 {[%clk 0:27:33]}
52. Qc5+ {[%clk 0:24:50]} Kf6 {[%clk 0:27:13]} 53. Qd4+ {[%clk 0:24:30]} Ke7
{[%clk 0:26:38]} 54. Qg7+ 1-0

[Event "DVM U10 2018"]
[Site "Magdeburg GER"]
[Date "2018.12.27"]
[Round "1"]
[White "Dorendorf, Mika"]
[Black "Sprössig, Lionel"]
[Result "1-0"]
[Termination "normal"]
[Board "2.3"]
[WhiteElo "1166"]
[BlackElo "1013"]
[WhiteClock "00:14:04"]
[BlackClock "00:33:01"]
[WhiteTeam "Hamburger SK"]
[BlackTeam "TSV Kitzscher"]
[PlyCount "102"]
[WhiteFideId "16283066"]
[EventCountry "GER"]
[EventRounds "7"]
[EventType "team-swiss"]
[EventDate "2018.12.27"]

1. e4 {[%clk 0:59:59]} c5 {[%clk 0:59:59]} 2. Nf3 {[%clk 0:59:51]} e6 {[%clk
0:59:54]} 3. d4 {[%clk 0:58:57]} cxd4 {[%clk 0:59:53]} 4. Nxd4 {[%clk 0:58:43]}
Bc5 {[%clk 0:59:52]} 5. Nf3 {[%clk 0:58:16]} Qb6 {[%clk 0:59:40]} 6. Qe2 {[%clk
0:56:48]} Ne7 {[%clk 0:59:25]} 7. Nc3 {[%clk 0:55:55]} O-O {[%clk 0:59:03]} 8.
g3 {[%clk 0:55:08]} Bb4 {[%clk 0:58:51]} 9. Bg2 {[%clk 0:54:24]} d5 {[%clk
0:58:26]} 10. O-O {[%clk 0:52:03]} Bxc3 {[%clk 0:58:14]} 11. bxc3 {[%clk
0:51:24]} dxe4 {[%clk 0:58:06]} 12. Qxe4 {[%clk 0:50:26]} Nbc6 {[%clk 0:57:52]}
13. Ng5 {[%clk 0:48:44]} Ng6 {[%clk 0:57:17]} 14. Nh3 {[%clk 0:46:46]} Bd7
{[%clk 0:55:57]} 15. Be3 {[%clk 0:46:24]} Qc7 {[%clk 0:55:51]} 16. Rfd1 {[%clk
0:45:18]} Rfe8 {[%clk 0:54:32]} 17. Qd3 {[%clk 0:44:55]} Nge5 {[%clk 0:54:06]}
18. Qd2 {[%clk 0:44:11]} Rad8 {[%clk 0:53:51]} 19. Qe2 {[%clk 0:42:54]} Ng6
{[%clk 0:52:09]} 20. Qh5 {[%clk 0:41:49]} Qe5 {[%clk 0:50:27]} 21. Qf3 {[%clk
0:36:31]} Qxc3 {[%clk 0:49:22]} 22. Rac1 {[%clk 0:35:23]} Qa5 {[%clk 0:46:42]}
23. Rb1 {[%clk 0:32:55]} Qc7 {[%clk 0:46:02]} 24. Qh5 {[%clk 0:32:11]} h6
{[%clk 0:45:32]} 25. Be4 {[%clk 0:31:02]} e5 {[%clk 0:44:05]} 26. Bg2 {[%clk
0:29:40]} Be6 {[%clk 0:42:21]} 27. Rxd8 {[%clk 0:28:58]} Rxd8 {[%clk 0:42:01]}
28. a3 {[%clk 0:28:16]} Qc8 {[%clk 0:40:46]} 29. f3 {[%clk 0:26:39]} Nd4 {[%clk
0:38:59]} 30. c3 {[%clk 0:25:55]} Ne2+ {[%clk 0:38:34]} 31. Kf2 {[%clk
0:25:17]} Nxc3 {[%clk 0:37:53]} 32. Rc1 {[%clk 0:25:01]} Nd1+ {[%clk 0:37:44]}
33. Ke2 {[%clk 0:24:16]} Bc4+ {[%clk 0:37:15]} 34. Ke1 {[%clk 0:23:42]} Nxe3
{[%clk 0:37:14]} 35. Rc3 {[%clk 0:20:19]} Nxg2+ {[%clk 0:36:48]} 36. Kf2 {[%clk
0:19:50]} Rf8 {[%clk 0:36:09]} 37. Kxg2 {[%clk 0:19:25]} Bf1+ {[%clk 0:36:02]}
38. Kxf1 {[%clk 0:19:13]} Qxc3 {[%clk 0:35:57]} 39. Nf2 {[%clk 0:18:14]} Qxa3
{[%clk 0:35:26]} 40. Kg2 {[%clk 0:17:44]} b5 {[%clk 0:35:19]} 41. Qh3 b4 {[%clk
0:35:05]} 42. Kg1 {[%clk 0:17:27]} b3 {[%clk 0:35:01]} 43. Qf1 b2 44. Kg2
{[%clk 0:16:29]} Qa1 {[%clk 0:34:22]} 45. Qxa1 {[%clk 0:16:10]} bxa1=Q {[%clk
0:34:14]} 46. Kh3 {[%clk 0:15:40]} Qf1+ {[%clk 0:34:06]} 47. Kg4 {[%clk
0:15:16]} f5+ {[%clk 0:33:56]} 48. Kh5 {[%clk 0:14:59]} Rf6 {[%clk 0:33:38]}
49. h3 {[%clk 0:14:28]} Kh7 {[%clk 0:33:17]} 50. h4 {[%clk 0:14:15]} Nf4+
{[%clk 0:33:08]} 51. gxf4 {[%clk 0:14:04]} g6# {[%clk 0:33:01]} 0-1

[Event "DVM U10 2018"]
[Site "Magdeburg GER"]
[Date "2018.12.27"]
[Round "1"]
[White "Müller, Josef"]
[Black "Malchereck, Romeo"]
[Result "1-0"]
[Termination "normal"]
[Board "2.4"]
[WhiteElo "1220"]
[BlackElo "1124"]
[WhiteClock "00:07:51"]
[BlackClock "00:08:04"]
[WhiteTeam "TSV Kitzscher"]
[BlackTeam "Hamburger SK"]
[PlyCount "66"]
[WhiteFideId "16246993"]
[BlackFideId "16265831"]
[EventCountry "GER"]
[EventRounds "7"]
[EventType "team-swiss"]
[EventDate "2018.12.27"]

1. e4 {[%clk 0:59:58]} d5 {[%clk 0:59:54]} 2. exd5 {[%clk 0:59:54]} Nf6 {[%clk
0:59:48]} 3. d4 {[%clk 0:59:10]} Nxd5 {[%clk 0:59:20]} 4. Nf3 {[%clk 0:58:14]}
Nc6 {[%clk 0:58:55]} 5. Bb5 {[%clk 0:57:10]} Bd7 {[%clk 0:58:01]} 6. O-O {[%clk
0:56:09]} g6 {[%clk 0:57:10]} 7. Re1 {[%clk 0:53:21]} Bg7 {[%clk 0:55:29]} 8.
c3 {[%clk 0:52:36]} O-O {[%clk 0:54:31]} 9. Nbd2 {[%clk 0:50:38]} Re8 {[%clk
0:49:59]} 10. Ne4 {[%clk 0:48:57]} a6 {[%clk 0:43:05]} 11. Ba4 {[%clk 0:47:12]}
Nb6 {[%clk 0:37:15]} 12. Bc2 {[%clk 0:44:57]} e5 {[%clk 0:34:37]} 13. Nc5
{[%clk 0:42:46]} Rb8 {[%clk 0:32:01]} 14. Bg5 {[%clk 0:38:38]} Bf6 {[%clk
0:29:52]} 15. Bxf6 {[%clk 0:37:57]} Qxf6 {[%clk 0:29:34]} 16. dxe5 {[%clk
0:37:48]} Qe7 {[%clk 0:27:13]} 17. Nd3 {[%clk 0:30:43]} Nc4 {[%clk 0:25:20]}
18. Bb3 {[%clk 0:29:45]} N6a5 {[%clk 0:22:40]} 19. Bxc4 {[%clk 0:29:03]} Nxc4
{[%clk 0:21:45]} 20. b3 {[%clk 0:28:23]} Nb6 {[%clk 0:20:43]} 21. h3 {[%clk
0:27:17]} Rbd8 {[%clk 0:19:36]} 22. Qc2 {[%clk 0:25:36]} Bf5 {[%clk 0:18:33]}
23. Nd4 {[%clk 0:24:20]} Bxd3 {[%clk 0:17:30]} 24. Qxd3 {[%clk 0:23:52]} c5
{[%clk 0:17:18]} 25. Qe3 {[%clk 0:18:06]} cxd4 {[%clk 0:17:03]} 26. cxd4 {[%clk
0:17:57]} Rc8 {[%clk 0:15:52]} 27. Rac1 {[%clk 0:17:11]} Nd5 {[%clk 0:13:42]}
28. Qe4 {[%clk 0:15:39]} Nb4 {[%clk 0:12:06]} 29. a3 {[%clk 0:13:57]} Na2
{[%clk 0:09:55]} 30. Rxc8 {[%clk 0:09:05]} Rxc8 {[%clk 0:09:48]} 31. Re3 {[%clk
0:08:06]} Rc3 {[%clk 0:09:02]} 32. Rxc3 {[%clk 0:07:54]} Nxc3 {[%clk 0:08:57]}
33. Qf3 {[%clk 0:07:51]} Qc7 {[%clk 0:08:04]} *

[Event "DVM U10 2018"]
[Site "Magdeburg GER"]
[Date "2018.12.27"]
[Round "2"]
[White "Isaichykov, Oleksandr"]
[Black "Sauer, Tim"]
[Result "0-1"]
[Termination "normal"]
[Board "1.2"]
[WhiteElo "1128"]
[BlackElo "1427"]
[WhiteClock "00:31:21"]
[BlackClock "00:12:03"]
[WhiteTeam "SC Kreuzberg"]
[BlackTeam "Schachzentrum Bemerode"]
[PlyCount "54"]
[WhiteFideId "16277392"]
[BlackFideId "16265726"]
[EventCountry "GER"]
[EventRounds "7"]
[EventType "team-swiss"]
[EventDate "2018.12.27"]

1. Nf3 {[%clk 0:59:59]} d5 {[%clk 0:59:50]} 2. g3 {[%clk 0:59:48]} c5 {[%clk
0:59:35]} 3. Bg2 {[%clk 0:59:35]} Nc6 {[%clk 0:59:04]} 4. d4 {[%clk 0:59:08]}
Nf6 {[%clk 0:58:53]} 5. c4 {[%clk 0:58:38]} dxc4 {[%clk 0:58:03]} 6. Qa4 {[%clk
0:58:21]} Bd7 {[%clk 0:56:05]} 7. Qxc4 {[%clk 0:58:07]} cxd4 {[%clk 0:54:29]}
8. Nxd4 {[%clk 0:57:55]} Rc8 {[%clk 0:51:51]} 9. O-O {[%clk 0:56:36]} e5 {[%clk
0:49:35]} 10. Nxc6 {[%clk 0:56:13]} Bxc6 {[%clk 0:49:26]} 11. Bxc6+ {[%clk
0:53:52]} Rxc6 {[%clk 0:49:08]} 12. Qa4 {[%clk 0:53:21]} Be7 {[%clk 0:45:53]}
13. Nc3 O-O 14. Qxa7 {[%clk 0:51:27]} Qd7 {[%clk 0:41:56]} 15. Rd1 {[%clk
0:50:48]} Qh3 {[%clk 0:40:36]} 16. Nd5 {[%clk 0:46:14]} Nxd5 {[%clk 0:29:01]}
17. Rxd5 {[%clk 0:46:10]} Qe6 {[%clk 0:26:44]} 18. Rd1 {[%clk 0:45:35]} Qc8
{[%clk 0:22:36]} 19. e4 {[%clk 0:44:06]} Rc2 {[%clk 0:20:42]} 20. Qb6 {[%clk
0:41:46]} Bc5 {[%clk 0:20:04]} 21. Qb5 {[%clk 0:40:40]} Bxf2+ {[%clk 0:19:52]}
22. Kh1 {[%clk 0:39:46]} Qg4 {[%clk 0:18:15]} 23. Qd3 {[%clk 0:38:44]} Re2
{[%clk 0:13:45]} 24. b3 {[%clk 0:34:29]} Re3 {[%clk 0:12:20]} 25. Qf1 {[%clk
0:33:40]} Qf3+ {[%clk 0:12:12]} 26. Qg2 {[%clk 0:32:49]} Qxd1+ {[%clk 0:12:03]}
27. Qg1 {[%clk 0:31:21]} Qxg1# 0-1

[Event "DVM U10 2018"]
[Site "Magdeburg GER"]
[Date "2018.12.27"]
[Round "2"]
[White "Elgeti, Jonas"]
[Black "Uplegger, Pawel Elias"]
[Result "1-0"]
[Termination "normal"]
[Board "1.3"]
[WhiteElo "1234"]
[BlackElo "967"]
[WhiteClock "00:41:35"]
[BlackClock "00:23:29"]
[WhiteTeam "Schachzentrum Bemerode"]
[BlackTeam "SC Kreuzberg"]
[PlyCount "96"]
[EventCountry "GER"]
[EventRounds "7"]
[EventType "team-swiss"]
[EventDate "2018.12.27"]

1. d4 {[%clk 0:59:59]} d5 {[%clk 0:59:56]} 2. c4 {[%clk 0:59:55]} e6 {[%clk
0:59:35]} 3. Nc3 {[%clk 0:59:48]} Nf6 {[%clk 0:59:19]} 4. Nf3 {[%clk 0:59:28]}
Bb4 {[%clk 0:58:46]} 5. Qb3 {[%clk 0:59:16]} Nc6 {[%clk 0:58:27]} 6. a3 {[%clk
0:59:07]} Ba5 {[%clk 0:58:18]} 7. Qc2 {[%clk 0:58:15]} b6 {[%clk 0:57:10]} 8.
b4 {[%clk 0:57:53]} Bxb4 {[%clk 0:56:07]} 9. axb4 {[%clk 0:57:46]} Nxb4 {[%clk
0:55:57]} 10. Qa4+ {[%clk 0:57:35]} Qd7 {[%clk 0:53:30]} 11. Qxb4 {[%clk
0:57:23]} Bb7 {[%clk 0:52:55]} 12. Ne5 {[%clk 0:57:05]} Qd8 {[%clk 0:51:23]}
13. Bg5 {[%clk 0:55:44]} Qd6 {[%clk 0:50:30]} 14. Qxd6 {[%clk 0:55:23]} cxd6
{[%clk 0:50:17]} 15. Bxf6 {[%clk 0:54:49]} gxf6 {[%clk 0:49:57]} 16. Nf3 {[%clk
0:54:33]} dxc4 {[%clk 0:49:35]} 17. e4 {[%clk 0:53:36]} d5 {[%clk 0:47:34]} 18.
e5 {[%clk 0:53:20]} fxe5 {[%clk 0:47:03]} 19. Nxe5 f6 {[%clk 0:45:16]} 20. Ng4
{[%clk 0:52:38]} Rf8 {[%clk 0:44:11]} 21. Kd2 {[%clk 0:51:57]} Bc6 {[%clk
0:41:53]} 22. g3 {[%clk 0:51:05]} a5 {[%clk 0:39:38]} 23. Bg2 {[%clk 0:50:36]}
b5 {[%clk 0:38:57]} 24. Rhe1 {[%clk 0:49:56]} Kd8 {[%clk 0:38:04]} 25. Rxe6
{[%clk 0:49:28]} Bd7 {[%clk 0:37:39]} 26. Rxf6 {[%clk 0:49:01]} Rxf6 {[%clk
0:37:10]} 27. Nxf6 {[%clk 0:48:54]} Bc6 {[%clk 0:36:22]} 28. Ncxd5 {[%clk
0:48:38]} h6 {[%clk 0:35:40]} 29. Bh3 {[%clk 0:47:32]} Bxd5 {[%clk 0:35:02]}
30. Nxd5 {[%clk 0:47:24]} Ke8 {[%clk 0:33:52]} 31. Nc7+ {[%clk 0:47:14]} Ke7
{[%clk 0:33:14]} 32. Nxa8 {[%clk 0:47:05]} a4 {[%clk 0:32:43]} 33. f4 {[%clk
0:46:59]} Kf6 {[%clk 0:32:30]} 34. g4 {[%clk 0:46:49]} Kg6 {[%clk 0:31:17]} 35.
Re1 {[%clk 0:46:36]} h5 {[%clk 0:29:59]} 36. g5 {[%clk 0:46:14]} h4 {[%clk
0:29:42]} 37. Re6+ {[%clk 0:46:02]} Kg7 {[%clk 0:29:10]} 38. f5 {[%clk
0:45:38]} Kf7 {[%clk 0:28:43]} 39. Nc7 {[%clk 0:45:21]} b4 {[%clk 0:27:59]} 40.
Ne8 {[%clk 0:44:49]} a3 {[%clk 0:27:45]} 41. g6+ {[%clk 0:44:30]} Kf8 {[%clk
0:27:20]} 42. g7+ {[%clk 0:43:01]} Kg8 {[%clk 0:26:42]} 43. Rh6 {[%clk
0:42:35]} a2 {[%clk 0:26:14]} 44. Rh8+ {[%clk 0:42:19]} Kf7 {[%clk 0:26:02]}
45. g8=Q+ {[%clk 0:42:05]} Ke7 {[%clk 0:25:30]} 46. Qe6+ {[%clk 0:42:03]} Kd8
{[%clk 0:25:14]} 47. Rh7 {[%clk 0:41:42]} a1=Q {[%clk 0:23:29]} 48. Qd7# {[%clk
0:41:35]} Qa3 1-0

[Event "DVM U10 2018"]
[Site "Magdeburg GER"]
[Date "2018.12.27"]
[Round "2"]
[White "Udelnov, Valentin"]
[Black "Aniol, Nico"]
[Result "1/2-1/2"]
[Termination "normal"]
[Board "2.1"]
[WhiteElo "1395"]
[BlackElo "1248"]
[WhiteClock "00:29:08"]
[BlackClock "00:47:05"]
[WhiteTeam "Schachzwerge Magdeburg"]
[BlackTeam "VfL 1990 Gera"]
[PlyCount "59"]
[WhiteFideId "16265734"]
[BlackFideId "16287096"]
[EventCountry "GER"]
[EventRounds "7"]
[EventType "team-swiss"]
[EventDate "2018.12.27"]

1. e4 {[%clk 0:59:57]} d5 {[%clk 0:59:55]} 2. exd5 {[%clk 0:59:48]} Nf6 {[%clk
0:59:52]} 3. Nf3 {[%clk 0:58:19]} Nxd5 {[%clk 0:59:44]} 4. Bc4 {[%clk 0:57:11]}
c6 {[%clk 0:59:37]} 5. d3 {[%clk 0:56:14]} Bg4 {[%clk 0:59:25]} 6. Bd2 {[%clk
0:55:03]} e6 {[%clk 0:59:04]} 7. Nc3 {[%clk 0:54:26]} Bc5 {[%clk 0:58:43]} 8.
O-O {[%clk 0:53:25]} O-O {[%clk 0:58:37]} 9. Re1 {[%clk 0:52:24]} Nd7 {[%clk
0:58:07]} 10. Ne4 {[%clk 0:50:39]} Re8 {[%clk 0:55:35]} 11. Nxc5 {[%clk
0:48:49]} Nxc5 {[%clk 0:55:29]} 12. d4 {[%clk 0:48:34]} Nd7 {[%clk 0:55:01]}
13. Bxd5 {[%clk 0:46:43]} cxd5 {[%clk 0:54:48]} 14. Bf4 {[%clk 0:45:45]} f6
{[%clk 0:53:29]} 15. Qd3 {[%clk 0:45:10]} Bf5 {[%clk 0:53:04]} 16. Qb3 {[%clk
0:44:14]} Qb6 {[%clk 0:52:36]} 17. Qa4 {[%clk 0:43:16]} Qc6 {[%clk 0:51:46]}
18. Qxc6 {[%clk 0:42:41]} bxc6 {[%clk 0:51:37]} 19. Rac1 {[%clk 0:42:30]} c5
{[%clk 0:51:14]} 20. c4 {[%clk 0:38:48]} cxd4 {[%clk 0:50:40]} 21. Nxd4 {[%clk
0:38:27]} e5 {[%clk 0:50:29]} 22. Nxf5 {[%clk 0:38:19]} exf4 {[%clk 0:50:17]}
23. cxd5 {[%clk 0:37:46]} Ne5 {[%clk 0:49:44]} 24. Rc3 {[%clk 0:35:31]} Rad8
{[%clk 0:49:20]} 25. d6 {[%clk 0:34:32]} Nf3+ {[%clk 0:48:51]} 26. gxf3 {[%clk
0:34:13]} Rxe1+ {[%clk 0:48:41]} 27. Kg2 {[%clk 0:33:54]} Re5 {[%clk 0:48:16]}
28. Ne7+ {[%clk 0:32:31]} Kf7 {[%clk 0:48:01]} 29. Rc7 {[%clk 0:31:53]} Ke6
{[%clk 0:47:05]} 30. Nc8 {[%clk 0:29:08]} 1/2-1/2